Responses for Show #7952 - Tuesday, March 19, 2019

Lindsey Shultz game 4.

Contestants

[<< previous game]

Megan McAllen, an attorney from Washington, D.C.

Bren Inman, a store manager from Puyallup, Washington

Lindsey Shultz, a physician and healthcare analyst from Pittsburgh, Pennsylvania (whose 3-day cash winnings total $79,602)

[next game >>]

Jeopardy! Round responses

THEY NAMED THE COLLEGE FOR ME!
HATS INCREDIBLE
THE BOOK TITLE TITLE
TRIPLE "O" RATED
(Alex: That letter coming up three times at least in each correct response.)
U.S. CITIES
TV's MIDDLE CHILD
    $200 18
Emerson College

Megan
    $200 16
10-gallon

Bren
    $200 12
baron

Lindsey
    $200 6
zoology

Bren
    $200 7
Chicago

Bren
    $200 1
Malcolm

Lindsey
    $400 19
Cornell

Bren
    $400 17
a dunce cap

Megan
    $400 13
queen

Megan
    $400 25
a photocopier

Bren
    $400 8
San Francisco

Megan
    $400 2
the Family Guy

Bren
    $800 20
(Bren: What is Marquette?)

Purdue

Bren
    $600 24
Hermes

Lindsey
    $600 14
princess

Bren
    $600 26
monotone

Lindsey
    $600 9
Ann Arbor

Megan
    $600 3
Kenny

Lindsey
    $800 21
Marshall

Megan
    $800 29
a fez

Megan
    $800 15
Uncle Duke

Triple Stumper
    $800 27
oolong

Lindsey
    $800 10
Huntsville

Lindsey
    $800 4
The Goldbergs

Lindsey
    $1000 22
Washington and Lee

Megan
    $1000 30
a porkpie hat

Lindsey
    $1000 23
emperor

Triple Stumper
    $1000 28
a doubloon

Lindsey
    $1000 11
(Megan: What is Hartford?)
(Bren: What is New Haven?)

Bridgeport

BrenMegan
Triple Stumper
    $1000 5
Family Ties

Lindsey

Scores at the first commercial break (after clue 15):

Lindsey Bren Megan
$3,600 $400 $400

Scores at the end of the Jeopardy! Round:

Lindsey Bren Megan
$7,600 $600 $3,600

Double Jeopardy! Round responses

PARK-ITECTURE
VOCABULARY
QUEENS OF EGYPT
CELEBRITY FILM VOICES
VAN GOGH
A BIT OF THE OLD ULTRAVIOLET
    $400 12
the Hudson

Lindsey
    $400 1
cappuccino

Triple Stumper
    $400 20
Cleopatra

Lindsey
    $400 15
Ellen DeGeneres

Lindsey
    $400 3
Starry Night

Bren
    $400 23
Vitamin D

Lindsey
    $800 13
Buenos Aires

Lindsey
    $800 2
a backsplash

Lindsey
    $800 21
Ra

Megan
    $800 16
Jack Black

Bren
    $800 4
Theo

Lindsey
    $800 24
ozone

Lindsey
    $1200 14
the Garden of the Gods

Triple Stumper
    $1,400 6
(Bren: What is iron?)

brownstone

Bren
    $1200 22
regent

Lindsey
    $1200 17
Craig T. Nelson

Triple Stumper
    $1200 5
pointillism

Bren
    $1200 25
(Megan: What are halogen?)

fluorescents

Megan
Triple Stumper
    $2,000 8
(Alex: Did you know it, or did you figure it out?)
(Lindsey: What animal is 5 feet tall? It's not a hedgehog.)

deer

Lindsey
    $1600 7
the chinchilla

Lindsey
    $1600 26
dynasties

Lindsey
    $1600 18
George Clooney

Lindsey
    $1600 9
The Potato Eaters

Triple Stumper
    $1600 29
melanin

Bren
    $2000 28
(Antoni) Gaudí

Lindsey
    $2000 11
tenderfoot

Triple Stumper
    $2000 27
Thebes

Triple Stumper
    $2000 19
Vin Diesel

Lindsey
    $2000 10
irises

Megan
    $2000 30
plankton

Lindsey

Scores at the end of the Double Jeopardy! Round:

Lindsey Bren Megan
$26,400 $3,200 $5,200
(lock game)

[wagering suggestions for these scores]

Final Jeopardy! Round responses

COUNTRIES OF THE WORLD
(Alex: [To Bren] Right across Gibraltar.)
BrenWhat is Morocco?
$3,100
MeganWhat is Morocco
$1,500
LindseyWhat is the UK? Thanks Indroni
$5,000
Morocco

Final scores:

Lindsey Bren Megan
$21,400 $6,300 $6,700
4-day champion: $101,002 3rd place: $1,000 2nd place: $2,000

Game dynamics:

Coryat scores:

Lindsey Bren Megan
$26,000 $5,400 $5,200
27 R
(including 1 DD),
0 W
11 R,
3 W
(including 2 DDs)
10 R,
2 W

Combined Coryat: $36,600

[game clues] [game scores] [suggest correction]

Game tape date: 2019-01-30
The J! Archive is created by fans, for fans. Scraping, republication, monetization, and malicious use prohibited; this site may use cookies and collect identifying information. See terms. The Jeopardy! game show and all elements thereof, including but not limited to copyright and trademark thereto, are the property of Jeopardy Productions, Inc. and are protected under law. This website is not affiliated with, sponsored by, or operated by Jeopardy Productions, Inc. Join the discussion at JBoard.tv.